000 01079nam a22003257a 4500
001 BR2014005803
003 BR-BrBNA
005 20230928104507.0
007 ta
008 230509b bl.||||| |||| 00| 0 por d
040 _aBR-BrBNA
_bpor
_cBiblioteca Nacional de Agricultura
041 _a(Por)
072 _aL01
_b5250
_b5240
090 _ 5250 BR2014005803
100 1 _aFerreira, m.I.C. (ed.)
100 1 _aFonseca, J.F. da (ed.)
100 1 _aCarvalho, B.C. de (ed.)
110 1 _aEmpresa Brasileira de Pesquisa Agropecuária, Brasília, DF (Brasil)
111 1 _a11. Workshop sobre Produção de Caprinos na Região da Mata Atlântica
_cCoronel Pacheco, MG (Brazil)
_d4-5 Jul 2014
245 1 _aAnais do 11. Workshop sobre produção de caprinos na região da mata atlântica
250 1 _a1.ed.
260 3 _aBrasília, DF (Brasil):
_c2014.
300 _a81 p.
500 _aBibliography p. 36-43.; 6 illus.; 20 tables
650 _aCAPRINO
650 _aOVINO
650 _aPRODUÇÃO LEITEIRA
909 _a202309
_bLucia
_c55
_dLucia Elande
942 _cBK
999 _c80225
_d80225